مولانا عبد الرزاق ملیح آبادی بخشیت صحافی / (Record no. 172358)

MARC details
000 -LEADER
fixed length control field 00574nam a22001817a 4500
005 - DATE AND TIME OF LATEST TRANSACTION
control field 20200203160729.0
010 ## - LCCN (DPL NO)
LC control number A-326663
020 ## - INTERNATIONAL STANDARD BOOK NUMBER
Terms of availability 20.00
035 ## - SYSTEM CONTROL NUMBER
System control number A-326663
037 ## - SOURCE OF ACQUISITION
Source of stock number/acquisition BPPD/Pub.
082 ## - DEWEY DECIMAL CLASSIFICATION NUMBER
Classification number 921
100 ## - MAIN ENTRY--PERSONAL NAME
Personal name جعفری ناسیر
245 ## - TITLE STATEMENT
Title مولانا عبد الرزاق ملیح آبادی بخشیت صحافی /
Statement of responsibility, etc جعفری ناسیر
246 ## - VARYING FORM OF TITLE
Title proper/short title Maulana Abdul Razak Milhi Abadi Bakhshiyat Sahafi /
Remainder of title by Jafri Nasir
260 ## - PUBLICATION, DISTRIBUTION, ETC. (IMPRINT)
Place of publication, distribution, etc -
Name of publisher, distributor, etc Nahid Jafri
Date of publication, distribution, etc 1987 ء
300 ## - PHYSICAL DESCRIPTION
Extent 112p.
Dimensions 22cm(Hb)
942 ## - ADDED ENTRY ELEMENTS (KOHA)
Source of classification or shelving scheme Dewey Decimal Classification
Item type Urdu Bks
Classification part 921
Call number suffix ج ع ف
Holdings
Withdrawn status Lost status Not for loan Collection code Home library Current library Date acquired Source of acquisition Cost, normal purchase price Full call number Barcode Copy number Cost, replacement price Koha item type
      Non-fiction Central Library Central Library 03/02/2020 BPPD/Ven. 20.00 921 ج ع ف A-326663 1 20.00 Urdu Bks

© Delhi Public Library
Hit Counter
free hit counter